Daughter of regals and other tales/. (Record no. 20877)
[ view plain ]
| 000 -LEADER | |
|---|---|
| fixed length control field | 00421nam a2200157 a 4500 |
| 005 - DATE AND TIME OF LATEST TRANSACTION | |
| control field | 20140310183257.0 |
| 008 - FIXED-LENGTH DATA ELEMENTS--GENERAL INFORMATION | |
| fixed length control field | 041110s19uu xx 00 eng d |
| 020 ## - INTERNATIONAL STANDARD BOOK NUMBER | |
| International Standard Book Number | 0345314425 |
| 050 ## - LIBRARY OF CONGRESS CALL NUMBER | |
| Classification number | PS 3554.O469 |
| Item number | .D3 1884 |
| 100 ## - MAIN ENTRY--PERSONAL NAME | |
| Personal name | Donaldson, Stephen R. |
| 245 ## - TITLE STATEMENT | |
| Title | Daughter of regals and other tales/. |
| Statement of responsibility, etc | Stephen R. Donaldson |
| 300 ## - PHYSICAL DESCRIPTION | |
| Extent | 337 p. : |
| Dimensions | 21 cm. |
| 650 ## - SUBJECT ADDED ENTRY--TOPICAL TERM | |
| Topical term or geographic name as entry element | Fiction. |
| 942 ## - ADDED ENTRY ELEMENTS (KOHA) | |
| Koha item type | Books |
| Source of classification or shelving scheme | Library of Congress Classification |
| Withdrawn status | Lost status | Source of classification or shelving scheme | Damaged status | Home library | Current library | Shelving location | Date acquired | Total Checkouts | Full call number | Barcode | Date last seen | Copy number | Price effective from | Koha item type |
|---|---|---|---|---|---|---|---|---|---|---|---|---|---|---|
| Library of Congress Classification | College Library | College Library | Fiction Section | 11/15/2013 | PS 3554.O469 .D3 1984 | C5610 | 05/08/2018 | 1 | 10/10/2013 | Books |